Wer? Wie? Was? Schülerarbeitsheft 1

Bibliographic Details
Main Author: Seeger, Harald (Author)
Format: Book
Language:German
PhysicalDescription:84 s. ilustr. 30 cm
Published: Bratislava Orbis Pictus Istropolitana 1997
ISBN:8071581518
Edition:5. vyd.
Subjects:

MARC

LEADER 00000nam a2200000 a 4500
001 vtls001302275
003 SK-MaSNL
005 20260302032859.0
008 240313s1997 xo a r ger
015 |a SNBA1998/0100251 
020 |a 8071581518 
035 |a SNK000254321 
035 |a urn:nbn:sk:snk-amtj9a 
035 |a urn:nbn:sk:snk-am00c6ju 
035 |a 8D8D0BA3-4E6B-4E90-B1C1-12B5A223C115 
040 |a SNK  |b slo  |c SNK  |e AACR2 
041 0 |a ger 
044 |a xo  |c SK 
080 |a 372.880.30(075.2)(076.5)  |2 1981 
100 1 |a Seeger, Harald  |4 aut  |9 46703 
245 1 |a Wer? Wie? Was? Schülerarbeitsheft  |n 1  |c Harald Seeger 
250 |a 5. vyd. 
260 |a Bratislava  |b Orbis Pictus Istropolitana  |c 1997 
300 |a 84 s.  |b ilustr.  |c 30 cm 
500 |a Tir. slov. 
650 0 7 |a nemčina  |x učebnice zákl. škôl  |x zošity pracovné  |2 SNK  |9 288373 
655 7 |a učebnice  |2 SNK  |9 22521 
919 |a 80-7158-151-8 
958 |a TL 
958 |a UX 
999 |c 1059021  |d 1060951 
952 |t P60, <09>, [BOOK], {629}  |a SNK  |b SNK  |y NEVYP  |7 0  |o snkB 1145  |i snk4277/970918  |0 0  |1 0  |4 0  |d 1997-09-17  |l 0  |r 2005-01-02 00:00:00  |w 2026-02-24 
952 |t P60, <03>, [BOOK], {603}  |a SNK  |b SNK  |y PREZ  |7 0  |p 17A0092850  |o snkSB 57585/1[A]  |i snkKSP 9618/97  |0 0  |1 0  |4 0  |d 1997-09-17  |f 1  |l 0  |r 2025-04-09 00:00:00  |w 2026-02-24 
952 |t P60, <04>, [BOOK], {604}  |a SNK  |b SNK  |y VYP  |7 0  |p 17A0092849  |o snkSB 57585/1[A] D1  |i snkKSP 9619/97  |0 0  |1 0  |4 0  |d 1997-09-17  |l 0  |r 2005-01-02 00:00:00  |w 2026-02-24